[Event "Sabadell op-B 10th"]
[Site "Sabadell"]
[Date "2017.09.08"]
[Round "8"]
[White "Gabarro Servitja, Pau"]
[Black "Prats Rodriguez, Juan Bosco"]
[Result "1/2-1/2"]
[WhiteElo "1757"]
[BlackElo "1988"]
[PlyCount "101"]
[EventDate "2017.09.01"]
[EventType "swiss"]
[EventRounds "9"]
[EventCountry "ESP"]
[SourceTitle "EXT 2019"]
[Source "ChessBase"]
[SourceDate "2018.10.10"]
[SourceVersion "1"]
[SourceVersionDate "2018.10.10"]
[SourceQuality "1"]

1. d4 d5 2. Nf3 Nf6 3. g3 Bf5 4. Bg2 e6 5. 0-0 Be7 6. c4 c6 7. Qb3 Qb6 8. c5 Qa6 9. Nc3 b6 10. cxb6 axb6 11. Bf4 0-0 12. h3 h6 13. g4 Bh7 14. Ne5 Rc8 15. e3 c5 16. Qb5 Qxb5 17. Nxb5 Ra5 18. Nc3 Nc6 19. Rfd1 c4 20. a3 b5 21. f3 Nxe5 22. Bxe5 Rca8 23. Rac1 b4 24. axb4 Bxb4 25. Kf2 Nd7 26. Bg3 Nb6 27. Bc7 R5a6 28. Bxb6 Rxb6 29. Ra1 Rba6 30. Rxa6 Rxa6 31. Rc1 Bd3 32. h4 Kf8 33. g5 hxg5 34. hxg5 Ke7 35. Bf1 Bxf1 36. Kxf1 Kd7 37. Ke2 Ra8 38. Nd1 Ra2 39. Rc2 Kc6 40. f4 Kb5 41. Kf3 Ka4 42. Rc1 Kb3 43. Ke2 c3 44. Nxc3 Rxb2+ 45. Kd3 Ba5 46. Nb1 Bb4 47. Nc3 g6 48. Nb1 Ba5 49. Nc3 Bb4 50. Nb1 Ra2 51. Nc3 1/2-1/2

[Event "Mataro Maresme op-A 13th"]
[Site "Mataro"]
[Date "2016.11.26"]
[Round "8"]
[White "Gabarro Servitja, Pau"]
[Black "Moriche Vivas, Carlos"]
[Result "1-0"]
[WhiteElo "1639"]
[BlackElo "1419"]
[PlyCount "47"]
[EventDate "2016.10.08"]
[EventType "swiss"]
[EventRounds "9"]
[EventCountry "ESP"]
[SourceTitle "EXT 2018"]
[Source "ChessBase"]
[SourceDate "2017.10.13"]
[SourceVersion "1"]
[SourceVersionDate "2017.10.13"]
[SourceQuality "1"]

1. e4 e5 2. Nf3 Nc6 3. Bc4 Bc5 4. 0-0 Nf6 5. d4 Nxd4 6. Nxe5 0-0 7. Be3 Ne6 8. Bxe6 Bxe3 9. Bxf7+ Rxf7 10. Nxf7 Bxf2+ 11. Rxf2 Kxf7 12. e5 d5 13. exf6 gxf6 14. Qh5+ Kg7 15. Nc3 Be6 16. Raf1 f5 17. Rf3 Qf6 18. Rg3+ Kh8 19. Qg5 Qd4+ 20. Qe3 Qf6 21. Ne2 Rf8 22. Qd4 Qxd4+ 23. Nxd4 Bd7 24. Rgf3 1-0

[Event "Mataro Maresme op-A 13th"]
[Site "Mataro"]
[Date "2016.10.08"]
[Round "1"]
[White "Gabarro Servitja, Pau"]
[Black "Duran Gutierrez, Juan Luis"]
[Result "1-0"]
[WhiteElo "1639"]
[BlackElo "1902"]
[PlyCount "101"]
[EventDate "2016.10.08"]
[EventType "swiss"]
[EventRounds "9"]
[EventCountry "ESP"]
[SourceTitle "EXT 2018"]
[Source "ChessBase"]
[SourceDate "2017.10.13"]
[SourceVersion "1"]
[SourceVersionDate "2017.10.13"]
[SourceQuality "1"]

1. e4 c6 2. d4 d5 3. exd5 cxd5 4. c4 Nf6 5. Nc3 Bg4 6. Nf3 e6 7. Be2 Nc6 8. Be3 Bd6 9. 0-0 0-0 10. h3 Bf5 11. Nh4 Be4 12. Nxe4 Nxe4 13. Nf3 Rc8 14. Rc1 f5 15. cxd5 exd5 16. Qb3 Rf7 17. Rfd1 f4 18. Bd2 Bb8 19. Bc3 Kh8 20. Bd3 Rfc7 21. Re1 Ng5 22. Nxg5 Qxg5 23. Rcd1 f3 24. g3 Re7 25. Kh2 Rce8 26. Bd2 Qh5 27. Qc3 Bd6 28. a3 Qh4 29. Bb5 Rxe1 30. Bxe1 Rf8 31. Qe3 Qh5 32. Rc1 Re8 33. Qd2 a6 34. Bf1 Qh4 35. Rd1 Re6 36. Qd3 Rf6 37. Qe3 h6 38. Qe8+ Kh7 39. Bd3+ g6 40. Qd7+ Kg8 41. Qxd6 Qxd4 42. Qd7 Qxb2 43. Qxd5+ Kg7 44. Qc4 Ne5 45. Qc3 Nxd3 46. Qxd3 h5 47. Kg1 h4 48. Bc3 Qa2 49. Bxf6+ Kxf6 50. Qd4+ Ke7 51. Qxh4+ 1-0

[Event "Llinars del Valles op-B 10th"]
[Site "Llinars del Valles"]
[Date "2016.04.30"]
[Round "5"]
[White "Gabarro Servitja, Pau"]
[Black "Giro Castellet, Esteve"]
[Result "1/2-1/2"]
[WhiteElo "1817"]
[BlackElo "1618"]
[PlyCount "44"]
[EventDate "2016.04.02"]
[EventType "swiss"]
[EventRounds "9"]
[EventCountry "ESP"]
[SourceTitle "CBM 172 Extra"]
[Source "ChessBase"]
[SourceDate "2016.06.21"]
[SourceVersion "1"]
[SourceVersionDate "2016.06.21"]
[SourceQuality "1"]

1. e4 Nc6 2. Nf3 e5 3. Bc4 Be7 4. d4 exd4 5. Nxd4 Ne5 6. Bb3 Nf6 7. Qe2 0-0 8. 0-0 d6 9. Nc3 Bg4 10. f3 Bd7 11. Bf4 a6 12. Rad1 Ng6 13. Bg3 Nh5 14. Qd2 Nxg3 15. hxg3 c5 16. Nde2 Be6 17. Nd5 Bxd5 18. Bxd5 Qb6 19. c3 Ne5 20. Rfe1 Rac8 21. c4 Bf6 22. b3 Nd7 1/2-1/2

[Event "Catalunya-chT Gp1"]
[Site "Barcelona"]
[Date "2016.03.05"]
[Round "7.4"]
[White "Orteu Capdevila, Max"]
[Black "Gabarro Servitja, Pau"]
[Result "1-0"]
[WhiteElo "1990"]
[BlackElo "1817"]
[PlyCount "43"]
[EventDate "2016.01.23"]
[EventType "team-tourn"]
[EventRounds "7"]
[EventCountry "ESP"]
[SourceTitle "EXT 2017"]
[Source "ChessBase"]
[SourceDate "2016.10.25"]
[SourceVersion "1"]
[SourceVersionDate "2016.10.25"]
[SourceQuality "1"]
[WhiteTeam "Barcelona Escola Escacs"]
[BlackTeam "Catalunya"]
[WhiteTeamCountry "ESP"]
[BlackTeamCountry "ESP"]

1. Nf3 g6 2. d4 Bg7 3. e4 d6 4. Bc4 e6 5. Nc3 Ne7 6. Bg5 a6 7. a4 0-0 8. Qd2 Nd7 9. h4 h5 10. g4 hxg4 11. Nh2 Nf6 12. Bxf6 Bxf6 13. Nxg4 Nc6 14. Nxf6+ Qxf6 15. 0-0-0 Re8 16. h5 Ne7 17. f4 e5 18. hxg6 Nxg6 19. Nd5 Qd8 20. f5 c6 21. fxg6 cxd5 22. Rh8+ 1-0